000
00397nam a22001577a 4500
005
20251108165837.0
008
250721s1982 xx 000 0 ara d
082
1
4
_a
ط/216.22/تعل
245
1
0
_a
تعليم الصلاة /
250
_a
ط2
264
1
_a
الزرقاء :
_b
مكتبة المنار،
_c
1982.
300
_a
36ص0
650
1
7
_a
الصلاة
942
_2
ddc
_c
BK
999
_c
32726
_d
32726